[Event "16th Asian-ch"]
[Site "Makati PHI"]
[Date "2018.12.12"]
[Round "3.4"]
[White "Nguyen Ngoc Truong Son"]
[Black "Firouzja, Alireza"]
[Result "1/2-1/2"]
[WhiteElo "2641"]
[BlackElo "2607"]
[EventDate "2018.12.10"]
[PlyCount "47"]

1.d4 Nf6 2.Nf3 g6 3.g3 Bg7 4.Bg2 O-O 5.O-O d6 6.c4 Ne4 7.Qc2 f5 8.Nc3 Nxc3
9.bxc3 e5 10.e4 Nc6 11.exf5 Bxf5 12.Qb3 Na5 13.Qa4 b6 14.dxe5 Be4 15.Nd4 
Bxg2 16.Kxg2 Qe8 17.Qxe8 Raxe8 18.exd6 cxd6 19.Bf4 Nxc4 20.Nb5 Re2 21.Nxa7
Be5 22.Bh6 Bg7 23.Bf4 Be5 24.Bh6 1/2-1/2

[Event "16th Asian-ch"]
[Site "Makati PHI"]
[Date "2018.12.12"]
[Round "3.5"]
[White "Lye Lik Zang"]
[Black "Santosh Gujrathi, Vidit"]
[Result "1/2-1/2"]
[WhiteElo "2321"]
[BlackElo "2701"]
[EventDate "2018.12.10"]
[PlyCount "49"]

1.d4 Nf6 2.c4 e6 3.Nf3 d5 4.Nc3 Bb4 5.Bg5 Nbd7 6.e3 c5 7.cxd5 exd5 8.Bd3 
Qa5 9.Qc2 O-O 10.O-O c4 11.Bf5 Re8 12.Nd2 g6 13.Bh3 Kg7 14.a3 Bxc3 15.bxc3
Ne4 16.Nxe4 dxe4 17.Bxd7 Bxd7 18.Bf4 Ba4 19.Qb2 Qd5 20.Qb4 b5 21.Qd6 Rad8 
22.Be5+ Rxe5 23.Qxe5+ Qxe5 24.dxe5 Rd5 25.Ra2 1/2-1/2

[Event "16th Asian-ch"]
[Site "Makati PHI"]
[Date "2018.12.12"]
[Round "3.6"]
[White "Adhiban, Baskaran"]
[Black "Kunte, Abhijit"]
[Result "1/2-1/2"]
[WhiteElo "2695"]
[BlackElo "2469"]
[EventDate "2018.12.10"]
[PlyCount "34"]

1.d4 Nf6 2.c4 e6 3.Nc3 Bb4 4.f3 d5 5.a3 Bxc3+ 6.bxc3 c5 7.cxd5 Nxd5 8.dxc5
f5 9.Nh3 O-O 10.Nf4 Nxc3 11.Qc2 Nd5 12.Nxd5 exd5 13.Bb2 Nc6 14.e3 Be6 15.
Bb5 Na5 16.Rb1 Nc4 17.Bxc4 dxc4 1/2-1/2

[Event "16th Asian-ch"]
[Site "Makati PHI"]
[Date "2018.12.12"]
[Round "3.7"]
[White "Nguyen Anh Khoi"]
[Black "Maghsoodloo, Parham"]
[Result "0-1"]
[WhiteElo "2480"]
[BlackElo "2688"]
[EventDate "2018.12.10"]
[PlyCount "106"]

1.d4 f5 2.Nf3 Nf6 3.g3 g6 4.Bg2 Bg7 5.O-O O-O 6.b3 d6 7.Bb2 c6 8.c4 Na6 9.
Nbd2 Qe8 10.Qc2 h6 11.Bc3 g5 12.e4 fxe4 13.Nxe4 Qg6 14.Nxf6+ Qxf6 15.Rae1 
Bf5 16.Qd2 Rf7 17.Re3 Qg6 18.Rfe1 Re8 19.d5 c5 20.a3 b6 21.b4 Bxc3 22.Qxc3
Qg7 23.Qb3 Bd7 24.Nd2 Rd8 25.Ne4 Nb8 26.bxc5 bxc5 27.Qc3 Bf5 28.Qxg7+ Kxg7
29.Nc3 Nd7 30.f4 gxf4 31.gxf4 Nb6 32.Bf1 Nc8 33.Ne2 Bd7 34.Ng3 Rg8 35.Rf3 
Kf8 36.Bd3 h5 37.Kh1 Bh3 38.Bf1 Bg4 39.Rf2 h4 40.Ne4 Nb6 41.h3 Bd7 42.Kh2 
Ba4 43.f5 Nd7 44.Nc3 Nb6 45.Ne4 Nd7 46.Rb1 Nb6 47.f6 Ke8 48.Re1 Kd8 49.Rb1
exf6 50.Nxd6 Re7 51.Nf5 Re4 52.Rc1 Bd7 53.Bd3 Re5 
    {Writing ineligible. black won after 68 moves}
0-1

[Event "16th Asian-ch"]
[Site "Makati PHI"]
[Date "2018.12.12"]
[Round "3.8"]
[White "Wen Yang"]
[Black "Tran Tuan Minh"]
[Result "1/2-1/2"]
[WhiteElo "2604"]
[BlackElo "2524"]
[EventDate "2018.12.10"]
[PlyCount "86"]

1.e4 c5 2.Nf3 d6 3.d4 cxd4 4.Nxd4 Nf6 5.Nc3 a6 6.g3 e5 7.Nde2 Be7 8.Bg2 b5
9.a4 b4 10.Nd5 a5 11.Nxe7 Qxe7 12.c4 O-O 13.O-O Na6 14.b3 Nc5 15.f3 Ne8 
16.Be3 Bb7 17.Ra2 Nc7 18.Rd2 Rad8 19.Nc1 Bc6 20.h4 N7e6 21.Bh3 Bd7 22.Kh2 
Nb7 23.Nd3 Bc8 24.Rff2 Rde8 25.Bb6 Kh8 26.Nc1 g6 27.Rfe2 f5 28.exf5 gxf5 
29.f4 exf4 30.Bd4+ Kg8 31.Rd3 Nbc5 32.gxf4 Qxh4 33.Rg3+ Kf7 34.Bf2 Qxf4 
35.Be3 Qh4 36.Qd5 Ne4 37.Qxf5+ Nf6 38.Qxa5 Rg8 39.Rf3 Rg6 40.Bf2 Qh6 41.
Be3 Qh4 42.Bf2 Qh6 43.Be3 Qh4 1/2-1/2

[Event "16th Asian-ch"]
[Site "Makati PHI"]
[Date "2018.12.12"]
[Round "3.9"]
[White "Khusnutdinov, Rustam"]
[Black "Zhumabaev, Rinat"]
[Result "0-1"]
[WhiteElo "2470"]
[BlackElo "2602"]
[EventDate "2018.12.10"]
[PlyCount "118"]

1.e4 c5 2.Nf3 e6 3.d4 cxd4 4.Nxd4 Nc6 5.Nc3 Qc7 6.Be3 a6 7.a3 Nf6 8.f4 
Nxd4 9.Qxd4 b5 10.Be2 Bb7 11.Bf3 h5 12.h3 h4 13.O-O Rc8 14.Rad1 Bc5 15.
Qxc5 Qxc5 16.Bxc5 Rxc5 17.Rd6 Nh5 18.e5 Bc8 19.Rd4 Ng3 20.Rf2 g5 21.Ne4 
Nxe4 22.Rxe4 gxf4 23.Rfe2 f6 24.exf6 Rf5 25.c4 Bb7 26.Rxe6+ dxe6 27.Bxb7 
bxc4 28.Bxa6 c3 29.Rxe6+ Kd7 30.Re7+ Kd6 31.bxc3 f3 32.gxf3 Rxf3 33.Rg7 
Rxf6 34.Bb7 Rhh6 35.Bg2 Rhg6 36.Rh7 Rf4 37.Rh5 Rg3 38.Rd5+ Ke6 39.Rc5 Rf8 
40.Rc6+ Kd7 41.Rb6 Rfg8 42.Rb2 Rxc3 43.Ra2 Rgg3 44.a4 Ra3 45.Rxa3 Rxa3 46.
Kf2 Kd6 47.Bf3 Ke5 48.Bg4 Rxa4 49.Ke3 Ra3+ 50.Kd2 Kf4 51.Bd7 Ra6 52.Bg4 
Ra2+ 53.Kd3 Rg2 54.Bc8 Rg8 55.Be6 Rd8+ 56.Kc2 Rd6 57.Bg4 Rg6 58.Bd7 Rg7 
59.Be6 Ke5 0-1

[Event "16th Asian-ch"]
[Site "Makati PHI"]
[Date "2018.12.12"]
[Round "3.10"]
[White "Lalith Babu, Musunuri Rohit"]
[Black "Yakubboev, Nodirbek"]
[Result "1-0"]
[WhiteElo "2529"]
[BlackElo "2556"]
[EventDate "2018.12.10"]
[PlyCount "65"]

1.Nf3 f5 2.d4 Nf6 3.g3 g6 4.Bg2 Bg7 5.O-O O-O 6.c4 d6 7.Nc3 Qe8 8.d5 Na6 
9.Rb1 e5 10.dxe6 Bxe6 11.Nd4 c6 12.b4 Rc8 13.b5 Nc5 14.bxc6 bxc6 15.Bf4 
Bxc4 16.Bxd6 Nfe4 17.Nxe4 Nxe4 18.Bxf8 Nc3 19.Qc2 Bxd4 20.e3 Bxf1 21.Rxf1 
c5 22.Bd6 Bf6 23.Bb7 Rc6 24.Bxc6 Qxc6 25.Be7 Bg7 26.Bd8 h5 27.Ba5 Ne4 28.
f3 Ng5 29.Kg2 c4 30.Bc3 Bf8 31.Qd2 Kf7 32.Qd4 a6 33.h4 1-0

[Event "16th Asian-ch"]
[Site "Makati PHI"]
[Date "2018.12.12"]
[Round "3.11"]
[White "Le Quang Liem"]
[Black "Ervan, Mohamad"]
[Result "1-0"]
[WhiteElo "2714"]
[BlackElo "2357"]
[EventDate "2018.12.10"]
[PlyCount "89"]

1.d4 Nf6 2.c4 e6 3.Nc3 Bb4 4.Nf3 b6 5.e3 Ne4 6.Qc2 Bb7 7.Bd3 f5 8.O-O Bxc3
9.bxc3 O-O 10.Nd2 Qh4 11.f3 Nxd2 12.Bxd2 Nc6 13.Rae1 d6 14.e4 Qf6 15.exf5 
exf5 16.Re2 g6 17.Rfe1 Qf7 18.Bg5 Rfe8 19.h4 Rxe2 20.Qxe2 Ba6 21.Kh2 Kg7 
22.h5 gxh5 23.f4 h6 24.Bh4 Na5 25.d5 Rf8 26.Qe3 Kg8 27.c5 Bxd3 28.Qxd3 Re8
29.Rxe8+ Qxe8 30.cxd6 cxd6 31.Qxf5 Nc4 32.Bf2 Nd2 33.Bd4 Ne4 34.Kh3 b5 35.
Qe6+ Qxe6+ 36.dxe6 Kf8 37.Kh4 Ke7 38.f5 a5 39.Kxh5 b4 40.cxb4 axb4 41.Kxh6
Ng3 42.Kg6 Ne2 43.Be3 Nc3 44.Bg5+ Ke8 45.f6 1-0

[Event "16th Asian-ch"]
[Site "Makati PHI"]
[Date "2018.12.12"]
[Round "3.12"]
[White "Tabatabaei, Mohammadamin"]
[Black "Bersamina, Paulo"]
[Result "1-0"]
[WhiteElo "2587"]
[BlackElo "2444"]
[EventDate "2018.12.10"]
[PlyCount "107"]

1.d4 Nf6 2.c4 e6 3.Nf3 d5 4.g3 g6 5.Bg2 Bg7 6.O-O O-O 7.Nc3 Nc6 8.b3 Ne4 
9.Bb2 f5 10.Rc1 g5 11.e3 g4 12.Ne1 Ne7 13.Nd3 c6 14.h3 gxh3 15.Bxh3 Ng6 
16.Ne2 h5 17.Nef4 Nxf4 18.gxf4 Qh4 19.Kh2 Nf6 20.Qe1 Ng4+ 21.Kg2 Rf6 22.
Rh1 Rg6 23.Kf1 dxc4 24.bxc4 b6 25.f3 Qxe1+ 26.Rxe1 Nh6 27.Kf2 Ba6 28.Rc1 
Nf7 29.Bf1 Rh6 30.Ba3 Rd8 31.Bb4 h4 32.Be7 Rc8 33.Rxh4 Rxh4 34.Bxh4 c5 35.
dxc5 bxc5 36.Be7 Bf8 37.Bxf8 Kxf8 38.Rc3 Rc7 39.Ne5 Nxe5 40.fxe5 Bb7 41.
Ra3 Bc6 42.Be2 Ke7 43.f4 Bd7 44.Bf3 Be8 45.Kg3 Bg6 46.Kh4 Be8 47.Kg5 Bd7 
48.Bd1 Bc8 49.Bh5 Bd7 50.Bg6 Rb7 51.e4 fxe4 52.Bxe4 Rc7 53.Rh3 Kd8 54.Kf6 
1-0

[Event "16th Asian-ch"]
[Site "Makati PHI"]
[Date "2018.12.12"]
[Round "3.13"]
[White "Pascua, Haridas"]
[Black "Puranik, Abhimanyu"]
[Result "1/2-1/2"]
[WhiteElo "2442"]
[BlackElo "2544"]
[EventDate "2018.12.10"]
[PlyCount "275"]

1.d4 Nf6 2.c4 g6 3.g3 c6 4.Bg2 d5 5.Qa4 Bg7 6.Nf3 O-O 7.O-O Bf5 8.h3 a6 9.
c5 b6 10.cxb6 Qxb6 11.Qa3 Nbd7 12.Nc3 Rfe8 13.Bf4 Ne4 14.Rac1 Rac8 15.Na4 
Qb5 16.g4 Be6 17.Nc3 Qb6 18.e3 c5 19.Rfd1 cxd4 20.Nxd4 Nxc3 21.bxc3 Ne5 
22.Qb3 Nc4 23.Rb1 Qa5 24.Bg3 Bd7 25.Qb7 Ba4 26.Nb3 Qxc3 27.Qxa6 Ra8 28.Qb7
e6 29.Rdc1 Qf6 30.Nc5 Bf8 31.Nxa4 Rxa4 32.e4 Rxa2 33.exd5 Bc5 34.dxe6 
Bxf2+ 35.Bxf2 Qxf2+ 36.Kh1 Rxe6 37.Rxc4 Re1+ 38.Rxe1 Qxe1+ 39.Kh2 Qe5+ 40.
Kg1 Qe3+ 41.Kh2 Qe5+ 42.Kg1 Ra1+ 43.Bf1 Qe3+ 44.Kg2 Qd2+ 45.Kg1 Qe3+ 46.
Kg2 Qd2+ 47.Kg1 Rxf1+ 48.Kxf1 Qd3+ 49.Kg2 Qxc4 50.Qb8+ Kg7 51.Qe5+ f6 52.
Qe7+ Qf7 53.Qe4 Qa2+ 54.Kf3 Qb3+ 55.Kg2 Qb2+ 56.Kf3 Qc3+ 57.Kg2 Qe5 58.Qd3
h5 59.Qd7+ Kh6 60.Qd2+ Qg5 61.Qd4 h4 62.Qf2 Qd5+ 63.Kg1 Qd1+ 64.Kg2 Qd5+ 
65.Kg1 Qg5 66.Kg2 f5 67.Qd4 Qe7 68.Qf4+ Qg5 69.Qd4 Kh7 70.Qd7+ Kg8 71.Qe8+
Kg7 72.Qd7+ Kf8 73.Qc8+ Kf7 74.Qc4+ Kg7 75.Qc7+ Kh6 76.Qe5 Qd2+ 77.Kg1 
Qd1+ 78.Kg2 Qd2+ 79.Kg1 Qc1+ 80.Kg2 Qc2+ 81.Kg1 Qc1+ 82.Kg2 Qd2+ 83.Kg1 
Kg5 84.gxf5 Qd1+ 85.Kg2 Qc2+ 86.Kg1 Qc1+ 87.Kg2 Qc6+ 88.Kf2 gxf5 89.Qe7+ 
Qf6 90.Qe3+ Kg6 91.Qe8+ Kg7 92.Qd7+ Kh6 93.Qd2+ Kg6 94.Qb4 Kh5 95.Qb3 Qd4+
96.Kf3 Qe4+ 97.Kf2 Kg5 98.Qc3 Qe7 99.Kf3 Qe4+ 100.Kf2 Qf4+ 101.Kg2 Qd6 
102.Qb3 Qd2+ 103.Kf3 Qf4+ 104.Kg2 Qe4+ 105.Kf2 Kf4 106.Qb8+ Qe5 107.Qb6 
Kg5 108.Qd8+ Kh5 109.Qd3 Qf4+ 110.Ke2 Kg6 111.Qb3 Qe4+ 112.Kf2 Qf4+ 113.
Kg2 Qe4+ 114.Kf2 Kg5 115.Qc3 Qe7 116.Kf3 Qb7+ 117.Kf2 Qd7 118.Kf3 Kg6 119.
Qb3 Qf7 120.Qb6+ Qf6 121.Qb3 Kh5 122.Kf2 Qe5 123.Qf7+ Kh6 124.Qf8+ Kg6 
125.Qg8+ Qg7 126.Qe6+ Qf6 127.Qg8+ Kh6 128.Qb3 Qd4+ 129.Kf3 Qe5 130.Kf2 
Qh2+ 131.Kf1 Qd6 132.Kf2 Qc6 133.Qe3+ Kg6 134.Qb3 Kf6 135.Qb2+ Ke6 136.
Qb3+ Qd5 137.Qb6+ Ke5 138.Qe3+ 1/2-1/2

[Event "16th Asian-ch"]
[Site "Makati PHI"]
[Date "2018.12.12"]
[Round "3.14"]
[White "Xu Yi"]
[Black "Dimakiling, Oliver"]
[Result "1-0"]
[WhiteElo "2536"]
[BlackElo "2434"]
[EventDate "2018.12.10"]
[PlyCount "109"]

1.e4 e5 2.Nf3 Nf6 3.Nc3 d6 4.d4 exd4 5.Nxd4 Be7 6.g3 O-O 7.Bg2 Re8 8.O-O 
Bf8 9.h3 Nbd7 10.b3 g6 11.Bb2 Bg7 12.Qd2 a5 13.Rae1 Nc5 14.Kh2 c6 15.a4 
Bd7 16.f4 Qc7 17.Qf2 Rad8 18.Re2 Bg4 19.Rd2 Rxe4 20.Qg1 Re7 21.hxg4 Nxg4+ 
22.Kh1 Ne3 23.Re1 Rde8 24.Nd1 Nxg2 25.Rxe7 Qxe7 26.Kxg2 Ne4 27.Re2 d5 28.
Nf3 Bxb2 29.Nxb2 c5 30.Nd3 b6 31.Nf2 Qb7 32.Qe1 f5 33.Ne5 Nf6 34.Kg1 Kg7 
35.Qa1 Re7 36.Qe1 h6 37.Nf3 Ne4 38.Nxe4 fxe4 39.Ne5 g5 40.c4 Kh7 41.cxd5 
gxf4 42.gxf4 Rg7+ 43.Rg2 Qxd5 44.Rxg7+ Kxg7 45.Qg3+ Kf8 46.Qe3 Ke7 47.Nc4 
b5 48.axb5 a4 49.Kf2 Kd8 50.b6 h5 51.Qc3 Qd4+ 52.Qxd4+ cxd4 53.bxa4 h4 54.
Ne5 h3 55.Ng4 1-0

[Event "16th Asian-ch"]
[Site "Makati PHI"]
[Date "2018.12.12"]
[Round "3.15"]
[White "Megaranto, Susanto"]
[Black "Cuhendi, Sean Winshand"]
[Result "1-0"]
[WhiteElo "2512"]
[BlackElo "2429"]
[EventDate "2018.12.10"]
[PlyCount "159"]

1.Nf3 Nf6 2.g3 g6 3.Bg2 Bg7 4.O-O O-O 5.c4 d6 6.Nc3 e5 7.d3 a5 8.Rb1 Bd7 
9.Bg5 h6 10.Bxf6 Qxf6 11.Nd2 Nc6 12.a3 Qd8 13.e3 Qc8 14.b4 axb4 15.axb4 
Ne7 16.Re1 Bh3 17.Bh1 e4 18.d4 f5 19.Nb3 g5 20.Qc2 Qd7 21.Ra1 Ng6 22.Rxa8 
Rxa8 23.Bg2 Bxg2 24.Kxg2 h5 25.b5 Re8 26.Nd2 Ra8 27.Rf1 Re8 28.Qd1 Qf7 29.
Kh1 h4 30.g4 h3 31.Rg1 f4 32.Ncxe4 Bh6 33.Re1 d5 34.Nc3 dxc4 35.Qf3 fxe3 
36.Qxf7+ Kxf7 37.fxe3 Bg7 38.Rf1+ Ke6 39.Nxc4 Ra8 40.Kg1 Nf4 41.Kf2 Rf8 
42.Ke1 Ng2+ 43.Ke2 Rxf1 44.Kxf1 Nxe3+ 45.Nxe3 Bxd4 46.Ned1 Be5 47.Ne4 Bxh2
48.Nxg5+ Kd5 49.Nxh3 Kc5 50.Nc3 Be5 51.Ng5 c6 52.Nge4+ Kb6 53.bxc6 Kxc6 
54.Ke2 b5 55.Na2 Kd5 56.Kd3 Ke6 57.Nac3 b4 58.Ng5+ Kf6 59.Nce4+ Kg6 60.Kc4
Bd6 61.Nf3 Be7 62.Ne5+ Kg7 63.Nc6 Bf8 64.Nxb4 Kf7 65.Ng5+ Kf6 66.Nf3 Bh6 
67.Kd5 Bf8 68.Nd3 Bh6 69.Nf2 Bf4 70.Ne4+ Kf7 71.Nc5 Kf6 72.Nd7+ Kf7 73.Ke4
Bh6 74.Nb6 Kf6 75.Nd5+ Kg6 76.Ke5 Bg7+ 77.Ke6 Bh6 78.Ne7+ Kh7 79.Kf7 Bf4 
80.Nf5 1-0

[Event "16th Asian-ch"]
[Site "Makati PHI"]
[Date "2018.12.12"]
[Round "3.17"]
[White "Gagare, Shardul"]
[Black "Amartuvshin, Ganzorig"]
[Result "1/2-1/2"]
[WhiteElo "2504"]
[BlackElo "2376"]
[EventDate "2018.12.10"]
[PlyCount "113"]

1.e4 c5 2.Nf3 e6 3.d4 cxd4 4.Nxd4 Nc6 5.Nc3 Qc7 6.g3 a6 7.Bg2 Nf6 8.O-O 
Nxd4 9.Qxd4 Bc5 10.Bf4 d6 11.Qd2 h6 12.Rad1 e5 13.Be3 Be6 14.Bxc5 dxc5 15.
Nd5 Bxd5 16.exd5 Qd6 17.a4 O-O 18.a5 Rab8 19.Rfe1 Rfe8 20.Re2 b6 21.b3 
bxa5 22.Qxa5 Rb4 23.Ra1 e4 24.c4 Rxb3 25.Qxa6 Qxa6 26.Rxa6 Rc3 27.Bh3 Rxc4
28.d6 Rc1+ 29.Kg2 Rd1 30.Rc6 Re5 31.Rc8+ Kh7 32.d7 Nxd7 33.Rxe4 Rxe4 34.
Bf5+ g6 35.Bxe4 Rd4 36.Bc6 Ne5 37.Bb5 c4 38.Rc5 f6 39.Rc7+ Kh8 40.Rc8+ Kg7
41.Rc7+ Kf8 42.f4 Rd2+ 43.Kf1 Ng4 44.Bxc4 Ne3+ 45.Ke1 Rc2 46.Rf7+ Kg8 47.
Be6 Ng2+ 48.Kd1 Ne3+ 49.Ke1 Ng2+ 50.Kf1 Ne3+ 51.Kg1 Rg2+ 52.Kh1 Re2 53.
Rxf6+ Kg7 54.Rf7+ Kh8 55.Rf8+ Kg7 56.Rf7+ Kh8 57.Rf8+ 1/2-1/2

[Event "16th Asian-ch"]
[Site "Makati PHI"]
[Date "2018.12.12"]
[Round "3.18"]
[White "Garcia, Jan Emmanuel"]
[Black "Bilguun, Sumiya"]
[Result "1/2-1/2"]
[WhiteElo "2429"]
[BlackElo "2497"]
[EventDate "2018.12.10"]
[PlyCount "34"]

1.c4 e6 2.Nf3 d5 3.d4 c6 4.e3 Nf6 5.b3 Bb4+ 6.Nbd2 Nbd7 7.Bb2 Ne4 8.Bd3 f5
9.a3 Bd6 10.O-O Qf6 11.Bxe4 dxe4 12.Ne5 Nxe5 13.dxe5 Bxe5 14.Qh5+ g6 15.
Bxe5 Qxe5 16.Qg5 O-O 17.f3 exf3 1/2-1/2

[Event "16th Asian-ch"]
[Site "Makati PHI"]
[Date "2018.12.12"]
[Round "3.19"]
[White "Liu Yan"]
[Black "Quizon, Daniel"]
[Result "1-0"]
[WhiteElo "2495"]
[BlackElo "2314"]
[EventDate "2018.12.10"]
[PlyCount "69"]

1.Nf3 Nf6 2.c4 g6 3.g3 Bg7 4.Bg2 d6 5.d4 O-O 6.O-O c5 7.b3 Nc6 8.Bb2 Ne4 
9.e3 Bg4 10.Qc2 Bf5 11.Qe2 Bg4 12.Qc2 Bf5 13.Qc1 Nf6 14.Nh4 Be4 15.d5 Bxg2
16.Nxg2 Na5 17.Nd2 b5 18.e4 bxc4 19.bxc4 Rb8 20.Bc3 Nd7 21.Bxg7 Kxg7 22.
Qc3+ Kg8 23.f4 Qb6 24.Rab1 Qc7 25.Rbe1 Qb6 26.e5 dxe5 27.fxe5 Qb4 28.Qd3 
Qb2 29.Nf3 Qxa2 30.Ra1 Qxc4 31.Qd2 Nb3 32.Qh6 Qg4 33.Rxa7 Rbd8 34.Nf4 g5 
35.Nh5 1-0

[Event "16th Asian-ch"]
[Site "Makati PHI"]
[Date "2018.12.12"]
[Round "3.21"]
[White "De Guzman, Ricardo"]
[Black "Vokhidov, Shamsiddin"]
[Result "1/2-1/2"]
[WhiteElo "2357"]
[BlackElo "2480"]
[EventDate "2018.12.10"]
[PlyCount "170"]

1.d4 e6 2.Nf3 c5 3.c3 Nf6 4.Bg5 Qb6 5.Qc1 cxd4 6.Bxf6 gxf6 7.cxd4 Nc6 8.e3
f5 9.Nc3 Bg7 10.Bd3 d6 11.O-O Bd7 12.a3 O-O 13.Qd2 Rac8 14.b4 Ne7 15.Rac1 
Rc7 16.Ne2 Bc6 17.Ng3 Bh6 18.Qe2 Rfc8 19.Ra1 Kh8 20.Nd2 Bd5 21.Qh5 Bg7 22.
Nf3 Ng8 23.Ng5 Nf6 24.Qh4 Kg8 25.Nh3 Bc4 26.Bxc4 Rxc4 27.Nf4 Qd8 28.Rfd1 
Rc2 29.Nd3 Qb6 30.h3 h6 31.Nh5 Nxh5 32.Qxh5 R8c3 33.Nf4 Qd8 34.Qf3 d5 35.
Kh1 Kh8 36.Rg1 Rb3 37.g4 Bxd4 38.Qd1 Bxa1 39.Qxc2 Rxa3 40.gxf5 e5 41.f6 
Ra6 42.Rg7 e4 43.Rxf7 Rxf6 44.Rc7 Qd6 45.Rxb7 Rf8 46.Qc7 Qxc7 47.Rxc7 Rf6 
48.Rxa7 Be5 49.Nxd5 Rxf2 50.Re7 Rf5 51.Re6 Kg7 52.Ne7 Rh5 53.Nc6 Rxh3+ 54.
Kg2 Rg3+ 55.Kf2 Rf3+ 56.Ke2 Bg3 57.Rxe4 Rf2+ 58.Kd3 h5 59.b5 h4 60.b6 Rf6 
61.b7 Rxc6 62.Rg4+ Kf6 63.Rxg3 Rb6 64.Rg4 Rxb7 65.Rxh4 Rb3+ 66.Ke2 Rb5 67.
Kf3 Ke6 68.Rh6+ Ke7 69.Kf4 Rb4+ 70.e4 Rb5 71.Ra6 Rc5 72.Ke3 Rb5 73.Rc6 Ra5
74.Kd4 Kd7 75.Rc4 Kd6 76.Rb4 Kd7 77.Ke3 Ke6 78.Kf4 Kf6 79.Rb6+ Ke7 80.Rh6 
Kf7 81.Rb6 Ke7 82.Rb7+ Ke6 83.Rb2 Ke7 84.e5 Ra1 85.Rb7+ Ke6 1/2-1/2

[Event "16th Asian-ch"]
[Site "Makati PHI"]
[Date "2018.12.12"]
[Round "3.22"]
[White "Concio, Michael jr"]
[Black "Taher, Yoseph Theolifus"]
[Result "1/2-1/2"]
[WhiteElo "1991"]
[BlackElo "2454"]
[EventDate "2018.12.10"]
[PlyCount "85"]

1.d4 Nf6 2.c4 e6 3.Nf3 b6 4.e3 Bb7 5.Bd3 g6 6.Nc3 Bg7 7.e4 d6 8.O-O Nbd7 
9.b3 O-O 10.Bb2 e5 11.dxe5 dxe5 12.b4 Nh5 13.Ne2 Re8 14.Qc2 Qe7 15.a3 Nf8 
16.c5 Bc8 17.Bb5 Rd8 18.h3 bxc5 19.bxc5 Rb8 20.a4 a6 21.Bc4 Ne6 22.Bxe5 
Qxc5 23.Bxg7 Nhxg7 24.Rac1 Qa3 25.Rb1 Bd7 26.Bxa6 Bxa4 27.Qc3 Qxc3 28.Nxc3
Bb3 29.Ne5 Nd4 30.Bc4 Bxc4 31.Nxc4 Nge6 32.Rxb8 Rxb8 33.Rb1 Rd8 34.Ne3 Ra8
35.Nc4 Ra6 36.Nd5 Kg7 37.e5 Ra4 38.Nde3 h5 39.h4 Nf4 40.Kh2 Nde6 41.Rb8 
Nd5 42.Nxd5 Rxc4 43.f4 1/2-1/2

[Event "16th Asian-ch"]
[Site "Makati PHI"]
[Date "2018.12.12"]
[Round "3.23"]
[White "Wang Hao"]
[Black "Wang Shixu"]
[Result "1-0"]
[WhiteElo "2730"]
[BlackElo "2342"]
[EventDate "2018.12.10"]
[PlyCount "117"]

1.e4 e5 2.Nf3 Nc6 3.Bc4 Nf6 4.d3 Be7 5.O-O O-O 6.Re1 d6 7.a4 Be6 8.a5 a6 
9.Nbd2 Qd7 10.c3 Rfe8 11.Qb3 Rab8 12.Nf1 Bxc4 13.dxc4 Nd8 14.Qc2 Ne6 15.
Ne3 g6 16.b3 c6 17.Nf1 Bd8 18.Rd1 Qe7 19.Ba3 Bc7 20.Rd2 Rbd8 21.Rad1 Nc5 
22.Ng3 h6 23.h3 Kg7 24.Qb1 Rd7 25.b4 Ne6 26.b5 c5 27.b6 Bd8 28.Qc2 Nf8 29.
Nh4 Qe6 30.Rxd6 Qxc4 31.Qc1 Rxd6 32.Nhf5+ gxf5 33.Nxf5+ Kg8 34.Nxd6 Qa4 
35.Bxc5 Ne6 36.Nxe8 Nxe8 37.Bb4 Bg5 38.Qb1 Nf6 39.Rd6 Kg7 40.g3 h5 41.h4 
Bh6 42.Kg2 Qb5 43.Qd3 Qa4 44.Qb1 Qb5 45.Qa2 Nf8 46.Kg1 Ng6 47.Qc2 Qc4 48.
Qd3 Qa2 49.Qf3 Qb1+ 50.Kg2 Bf4 51.Qe2 Bh6 52.Rd8 Ng4 53.Rd1 Qb3 54.Rd7 Qb1
55.Bc5 Bf4 56.Rxb7 Nf6 57.Qc4 Kh6 58.Qxf7 Qxe4+ 59.f3 1-0

[Event "16th Asian-ch"]
[Site "Makati PHI"]
[Date "2018.12.12"]
[Round "3.24"]
[White "Ghaem Maghami, Ehsan"]
[Black "Jacutina, John Merill"]
[Result "1/2-1/2"]
[WhiteElo "2537"]
[BlackElo "2296"]
[EventDate "2018.12.10"]
[PlyCount "84"]

1.e4 d5 2.exd5 Nf6 3.Bb5+ Nbd7 4.c4 a6 5.Bxd7+ Qxd7 6.Nf3 Qg4 7.d3 Qxg2 8.
Rg1 Qh3 9.Nc3 e6 10.Bg5 Bd7 11.Qe2 O-O-O 12.Rg3 Qh5 13.Ne5 Qxe2+ 14.Kxe2 
Be8 15.Ng4 Nh5 16.Bxd8 Nxg3+ 17.hxg3 Kxd8 18.dxe6 fxe6 19.Ne4 Be7 20.Rh1 
h5 21.Ne5 g5 22.f4 Rg8 23.fxg5 Bxg5 24.d4 Be7 25.Kf2 Rf8+ 26.Ke3 Bd6 27.
Nd3 Rg8 28.Rh3 Bg6 29.Nxd6 cxd6 30.Nf4 Bf5 31.Rxh5 Rxg3+ 32.Kf2 Rg4 33.Ke3
Rg3+ 34.Kf2 Rg4 35.Ke3 Rg3+ 36.Kf2 Rg4 37.Ke3 Rg3+ 38.Kf2 Rg4 39.Kf3 Rg8 
40.Rh6 Kd7 41.b4 Rg1 42.c5 d5 1/2-1/2

[Event "16th Asian-ch"]
[Site "Makati PHI"]
[Date "2018.12.12"]
[Round "3.25"]
[White "Song Yuxin"]
[Black "Laylo, Darwin"]
[Result "1/2-1/2"]
[WhiteElo "2178"]
[BlackElo "2438"]
[EventDate "2018.12.10"]
[PlyCount "179"]

1.e4 c6 2.d4 d5 3.Nd2 g6 4.Ngf3 Bg7 5.c3 Nd7 6.Bd3 dxe4 7.Nxe4 Ngf6 8.O-O 
O-O 9.Nxf6+ Nxf6 10.Bf4 Qb6 11.Qc2 c5 12.dxc5 Qxc5 13.h3 Nd5 14.Bg3 b6 15.
Rfe1 Bb7 16.Rad1 Rac8 17.Qe2 Rfe8 18.Ba6 Bxa6 19.Qxa6 b5 20.Ne5 Qb6 21.
Qxb6 Nxb6 22.Re2 e6 23.f4 a5 24.Rd6 Nd5 25.Rd7 Re7 26.Rxe7 Nxe7 27.Rd2 Nd5
28.Kf2 h5 29.Kf3 Bxe5 30.fxe5 Rc4 31.Rd4 Rxd4 32.cxd4 Kf8 33.Be1 a4 34.a3 
Ke7 35.Ke4 Kd7 36.g4 hxg4 37.hxg4 Kc6 38.Bb4 Nb6 39.Ba5 Nc4 40.Bc3 g5 41.
d5+ exd5+ 42.Kd4 Nb6 43.Bb4 Nd7 44.Be7 Nb8 45.Bb4 Nd7 46.Be7 Nb6 47.Bxg5 
Nc4 48.Bc1 Na5 49.Be3 Nb3+ 50.Kc3 Kd7 51.Bf2 Ke7 52.Be3 Ke6 53.Bd4 Kd7 54.
Bf2 Ke8 55.Bg1 Kf8 56.Bf2 Ke7 57.Be3 Kd8 58.Bb6+ Kc8 59.Be3 Kc7 60.Bg1 Kc6
61.Be3 Na5 62.Bd4 Nb7 63.Kb4 Nd8 64.Kc3 Ne6 65.Kd3 Ng5 66.Kc3 Ne4+ 67.Kd3 
Ng5 68.Kc3 Nf3 69.Kd3 Nh2 70.Ke3 Nxg4+ 71.Kf4 Nh6 72.Kg5 Ng8 73.Kf5 Kd7 
74.Bc5 Ne7+ 75.Kf6 Nc6 76.Kxf7 Nxe5+ 77.Kf6 Kc6 78.Ba7 Nd7+ 79.Ke6 Nc5+ 
80.Ke5 Nd3+ 81.Kd4 Nxb2 82.Bc5 Nd3 83.Be7 Nc1 84.Kc3 Nb3 85.Bf6 d4+ 86.
Bxd4 Nxd4 87.Kxd4 Kd6 88.Kd3 Kd5 89.Kc3 Kc5 90.Kd3 1/2-1/2

[Event "16th Asian-ch"]
[Site "Makati PHI"]
[Date "2018.12.12"]
[Round "3.26"]
[White "Antonio, Rogelio jr"]
[Black "Nouri, Alekhine"]
[Result "1-0"]
[WhiteElo "2431"]
[BlackElo "2013"]
[EventDate "2018.12.10"]
[PlyCount "73"]

1.e4 c5 2.Nf3 d6 3.Bb5+ Nd7 4.a4 a6 5.Bc4 Ngf6 6.d3 e6 7.Nc3 Be7 8.a5 h6 
9.h3 g5 10.Qe2 b5 11.axb6 Nxb6 12.Ba2 Bb7 13.Bd2 Nfd7 14.Nd1 Bf6 15.Ba5 
Qb8 16.c3 Bc6 17.Ne3 Ra7 18.O-O Rb7 19.Rfb1 Na4 20.Bd5 Bxd5 21.Nxd5 exd5 
22.exd5+ Kf8 23.Rxa4 Kg7 24.Qc2 Re8 25.Nd2 Rb5 26.Ne4 Be5 27.c4 f5 28.Ng3 
Rxb2 29.Nxf5+ Kg6 30.Rxb2 Qxb2 31.Qxb2 Bxb2 32.Nxd6 Re2 33.Kf1 Rc2 34.Ne4 
Bd4 35.Bd2 Ne5 36.Rxa6+ Kf7 37.Ke2 1-0

[Event "16th Asian-ch"]
[Site "Makati PHI"]
[Date "2018.12.12"]
[Round "3.28"]
[White "Pangilinan, Stephen Rome"]
[Black "Gomez, John Paul"]
[Result "0-1"]
[WhiteElo "2276"]
[BlackElo "2450"]
[EventDate "2018.12.10"]
[PlyCount "84"]

1.e4 e6 2.d4 d5 3.Nd2 Nf6 4.Bd3 c5 5.c3 cxd4 6.cxd4 dxe4 7.Nxe4 Nc6 8.Nf3 
Be7 9.O-O O-O 10.Ng3 b6 11.a3 Bb7 12.b4 Rc8 13.Bb2 Qd6 14.Bc2 Ba6 15.Re1 
Bc4 16.Rc1 b5 17.Ng5 Rfd8 18.Nh5 g6 19.Nxf6+ Bxf6 20.Ne4 Qe7 21.Nxf6+ Qxf6
22.Qg4 Nxd4 23.Bd1 Nf3+ 24.Bxf3 Qxb2 25.Bb7 Rb8 26.Bf3 Qxa3 27.Rb1 a5 28.
bxa5 Qxa5 29.h4 Qa7 30.h5 Rd2 31.Re3 Rbd8 32.Qg5 Qd4 33.h6 f6 34.Qg3 e5 
35.Be4 Rd1+ 36.Kh2 Kf7 37.Rxd1 Qxd1 38.Bf3 Qd6 39.Kg1 b4 40.Qh4 Be6 41.Be4
Qd1+ 42.Kh2 g5 0-1

[Event "16th Asian-ch"]
[Site "Makati PHI"]
[Date "2018.12.13"]
[Round "4.3"]
[White "Zhumabaev, Rinat"]
[Black "Ni Hua"]
[Result "1/2-1/2"]
[WhiteElo "2602"]
[BlackElo "2683"]
[EventDate "2018.12.10"]
[PlyCount "126"]

1.c4 e5 2.Nc3 Bb4 3.Nd5 a5 4.a3 Be7 5.e3 Nf6 6.Nxe7 Qxe7 7.b3 O-O 8.Bb2 c5
9.Ne2 d5 10.cxd5 Nxd5 11.Ng3 Nc6 12.Bb5 Rd8 13.O-O Nc7 14.Bxc6 bxc6 15.f4 
Nd5 16.Qc2 exf4 17.exf4 Re8 18.Rac1 f6 19.h3 Qa7 20.Qxc5 Qxc5+ 21.Rxc5 a4 
22.bxa4 Rxa4 23.Rxc6 Nxf4 24.Rd6 h5 25.d3 Ne2+ 26.Nxe2 Rxe2 27.Rf2 Re1+ 
28.Kh2 Kf7 29.Bc3 Re6 30.Rd8 Re8 31.Rxe8 Kxe8 32.Bb4 Kf7 33.Rc2 Be6 34.
Rc7+ Kg6 35.d4 Ra8 36.Kg3 Rd8 37.Re7 Bd5 38.h4 Rc8 39.Bc5 Rb8 40.Bb4 Rc8 
41.Rd7 Bc6 42.Ra7 Be4 43.Kf2 Rc2+ 44.Ke3 Bxg2 45.Bf8 Bd5 46.Rxg7+ Kf5 47.
Rd7 Be6 48.Rh7 Kg4 49.Be7 Rc3+ 50.Kd2 Rf3 51.Rh6 Kxh4 52.Bxf6+ Kg4 53.a4 
Bf5 54.Be5 Ra3 55.Ra6 h4 56.a5 h3 57.Ra8 Be4 58.Rg8+ Kf5 59.Rf8+ Kg6 60.
Rh8 Rxa5 61.Rxh3 Ra2+ 62.Kc1 Kf5 63.Rh4 Bd3 1/2-1/2

[Event "16th Asian-ch"]
[Site "Makati PHI"]
[Date "2018.12.13"]
[Round "4.4"]
[White "Sethuraman, Panayapan"]
[Black "Lalith Babu, Musunuri Rohit"]
[Result "1-0"]
[WhiteElo "2664"]
[BlackElo "2529"]
[EventDate "2018.12.10"]
[PlyCount "93"]

1.d4 Nf6 2.c4 e6 3.Nf3 b6 4.a3 Bb7 5.Nc3 d5 6.cxd5 Nxd5 7.Qc2 Nxc3 8.bxc3 
Nd7 9.e4 c5 10.Bf4 Be7 11.Bd3 cxd4 12.cxd4 Rc8 13.Qb3 Nf6 14.Qb5+ Qd7 15.
Ne5 Qxb5 16.Bxb5+ Kf8 17.f3 Ne8 18.Bd7 Rd8 19.Bc6 Bc8 20.Be3 f6 21.Nd3 Bd7
22.Bxd7 Rxd7 23.Ke2 Nd6 24.Rhc1 Kf7 25.a4 Nb7 26.g4 Na5 27.Rc3 Rb8 28.Rb1 
Rbb7 29.f4 Rbc7 30.Rbc1 Rxc3 31.Rxc3 a6 32.f5 exf5 33.gxf5 g6 34.e5 gxf5 
35.Nf4 fxe5 36.dxe5 Kg7 37.Bxb6 Bb4 38.e6 Rd6 39.Rc7+ Kf8 40.Be3 Nc6 41.
Rxh7 Nd4+ 42.Bxd4 Rxd4 43.Kf3 Kg8 44.Rd7 Rc4 45.Nd5 Kf8 46.Rd8+ Kg7 47.
Nxb4 1-0